|
|
|
|
| LEADER |
01346nam a22003252a 4500 |
| 001 |
000365653 |
| 003 |
CZ BrMZK |
| 005 |
20110623170203.0 |
| 007 |
ta |
| 008 |
980105s1927 xr f cze d |
| 015 |
|
|
|a cnb000581573
|
| 035 |
|
|
|a (OCoLC)85389544
|
| 040 |
|
|
|a ABA001
|b cze
|c ABA001
|d ABA001
|
| 041 |
1 |
|
|a cze
|h swe
|
| 100 |
1 |
|
|a Strindberg, August,
|d 1849-1912
|7 jn19990008323
|4 aut
|
| 240 |
1 |
0 |
|a Tjänstekvinnans son.
|l Česky
|
| 245 |
1 |
0 |
|a Syn služky :
|b dějiny vývoje duše : (1849-1867) /
|c August Strindberg ; [autorisovaný překlad Hanuše Hackenschmieda]
|
| 260 |
|
|
|a Praha :
|b Ot. Štorch-Marien,
|c 1927
|
| 300 |
|
|
|a 189 s. ;
|c 20 cm
|
| 490 |
1 |
|
|a Románová knihovna Aventina ;
|v sv. 40
|
| 500 |
|
|
|a Přeloženo ze švédštiny
|
| 500 |
|
|
|a Prvních 50 výt. na domácím Japanu je číslováno
|
| 700 |
1 |
|
|a Hackenschmied, Hanuš,
|d 1871-1953
|7 jk01032938
|4 trl
|
| 830 |
|
0 |
|a Románová knihovna Aventina
|0 s
|
| 856 |
4 |
1 |
|u http://www.digitalniknihovna.cz/mzk/uuid/uuid:8ded46a0-c8f0-11e2-b6da-005056827e52
|y Digitalizovaný dokument
|x NDK
|
| 910 |
|
|
|a BOA001
|b 1-0072.564,40
|
| 990 |
|
|
|a BK
|
| 991 |
|
|
|b 201106
|
| 996 |
6 |
|
|b 2619214935
|c 1-0072.564,40
|l MZK
|r Sklad / do 1 hodiny
|n 0
|w 000365653
|u 000020
|a 1
|e BOA001
|j MZK50
|s P
|
| 996 |
7 |
|
|b 2619825827
|c 1-0072.564,40
|l MZK
|r Sklad / do 1 hodiny
|n 2
|w 000365653
|u 000010
|a 1
|e BOA001
|j MZK50
|s A
|